[Event "29th CRO-chT Junior 2020"]
[Site "Cakovec"]
[Date "2020.07.18"]
[Round "9.13"]
[White "Karlovcec, David"]
[Black "Alfirevic, Duje"]
[Result "0-1"]
[WhiteElo "1655"]
[BlackElo "2011"]
[Annotator "NA"]
[PlyCount "88"]
[EventDate "2020.07.14"]
[EventType "team-tourn"]
[EventCountry "CRO"]
[SourceTitle "playchess.com"]
[Source "ChessBase"]
[SourceQuality "1"]
[TimeControl "5400+30"]

1. d4 {[%emt 0:00:30]} d5 {[%emt 0:00:30]} 2. Bf4 {[%emt 0:00:00]} Nf6 {[%emt 0:00:30]} 3. e3 {[%emt 0:00:00]} c5 {[%emt 0:04:30]} 4. c3 {[%emt 0:01:30]} Nc6 {[%emt 0:00:30]} 5. Bd3 {[%emt 0:03:30]} Bg4 {[%emt 0:09:30]} 6. Qc2 {[%emt 0:05:30] D00: 1 d4 d5: Unusual lines.} e6 {[%emt 0:00:30] [#]} 7. Nd2 $146 {[%emt 0:00:30]} ({Predecessor:} 7. h3 Bh5 8. Nd2 Rc8 9. Ngf3 cxd4 10. exd4 Bd6 11. Bxd6 Qxd6 12. O-O O-O 13. Rfe1 {0-1 (62) Geiger,A (1686)-Vrajitoru,V (1867) Voineasa 2010}) 7... Be7 {[%emt 0:01:30]} 8. Ngf3 {[%emt 0:01:30]} c4 {[%emt 0:05:30]} 9. Be2 {[%emt 0:00:30]} Bf5 {[%emt 0:00:30]} 10. Qc1 {[%emt 0:07:30]} h6 {[%emt 0:06:30]} 11. O-O {[%emt 0:01:30]} O-O {[%emt 0:00:30]} 12. Bd1 {[%emt 0:01:30]} Nh5 {[%emt 0:18:30]} 13. Bg3 {[%emt 0:09:30]} Nxg3 {[%emt 0:00:30]} 14. hxg3 {[%emt 0:02:30]} b5 {[%emt 0:00:30]} (14... Bd3 $5 15. Re1 $8 f5 $11) 15. Bc2 {[%emt 0:01:30]} Bxc2 {[%emt 0:00:30]} 16. Qxc2 {[%emt 0:00:00]} f5 {[%emt 0:00:30]} 17. Ne5 {[%emt 0:11:00]} Nxe5 {[%emt 0:02:30]} 18. dxe5 {[%emt 0:00:30]} Bc5 {[%emt 0:00:30]} 19. Rfe1 {[%emt 0:07:30]} Qc7 {[%emt 0:08:30]} 20. f4 {[%emt 0:01:30]} Qb6 {[%emt 0:03:30]} 21. Kf2 {[%emt 0:01:30]} a5 {[%emt 0:01:30]} 22. Nf3 {[%emt 0:01:30]} b4 {[%emt 0:01:30]} 23. Nd4 {[%emt 0:00:30]} Bxd4 {[%emt 0:01:30]} 24. exd4 {[%emt 0:00:30]} a4 {[%emt 0:02:30]} 25. Reb1 {[%emt 0:04:30]} b3 {[%emt 0:05:30]} 26. axb3 {[%emt 0:04:30]} axb3 {[%emt 0:01:30]} 27. Qd1 {[%emt 0:00:30]} Ra2 {[%emt 0:01:30]} 28. Qc1 {[%emt 0:10:30]} Rfa8 {[%emt 0:00:30]} 29. Ke2 {[%emt 0:02:30]} Qa5 {[%emt 0:00:30]} 30. Rxa2 {[%emt 0:00:30]} bxa2 {[%emt 0:00:30]} 31. Ra1 {[%emt 0:00:30]} Qa4 {[%emt 0:00:30]} 32. Kd2 {[%emt 0:02:12]} Qb3 {[%emt 0:00:30]} 33. Qc2 {[%emt 0:01:11]} Rb8 {[%emt 0:01:30]} 34. Kc1 {[%emt 0:02:16]} Rb7 {[%emt 0:01:30]} 35. Qe2 {[%emt 0:02:16]} g5 $19 {[%emt 0:04:24]} 36. Qf2 {[%emt 0:09:42]} gxf4 {[%emt 0:02:06]} 37. gxf4 {[%emt 0:00:31]} Rg7 {[%emt 0:00:17]} 38. g3 {[%emt 0:02:01]} Kh7 {[%emt 0:02:30]} 39. Qh2 {[%emt 0:00:48]} Rg4 {[%emt 0:00:58]} 40. Qh3 {[%emt 0:01:12]} Qa4 {[%emt 0:00:24]} 41. Qh2 {[%emt 0:01:32]} Qa7 {[%emt 0:00:48]} 42. Kd2 {[%emt 0:00:48]} Qg7 {[%emt 0:02:59]} 43. Rxa2 {[%emt 0:00:49]} Rxg3 {[%emt 0:00:13]} 44. Ra7 {[%emt 0:00:27]} Rd3+ {[%emt 0:00:09]} 0-1

[Event "29th CRO-chT Junior 2020"]
[Site "Cakovec"]
[Date "2020.07.18"]
[Round "9.14"]
[White "Dumancic, Simun"]
[Black "Stampar, Jakov"]
[Result "1-0"]
[WhiteElo "1896"]
[BlackElo "1465"]
[Annotator "NA"]
[PlyCount "43"]
[EventDate "2020.07.14"]
[EventType "team-tourn"]
[EventCountry "CRO"]
[SourceTitle "playchess.com"]
[Source "ChessBase"]
[SourceQuality "1"]
[TimeControl "5400+30"]

{[%evp 12,43,118,127,386,376,381,425,384,394,32767,32767,32767,32767,32767,32767,32767,32767,32767,32767,32767,32767,32767,593,650,681,653,528,839,704,32767,32767,910,566]} 1. e4 {[%emt 0:00:30]} c6 {[%emt 0:00:30]} 2. d4 {[%emt 0:00:30]} d5 {[%emt 0:00:30]} 3. exd5 {[%emt 0:01:30]} cxd5 {[%emt 0:00:00]} 4. c4 {[%emt 0:00:00]} Bf5 {[%emt 0:04:00]} 5. Nc3 {[%emt 0:00:00]} Nf6 {[%emt 0:01:30]} 6. Qb3 {[%emt 0:01:30]} Nc6 {[%emt 0:07:30] B13: Caro-Kann: Exchange Variation and Panov-Botvinnik Attack.} 7. cxd5 {[%emt 0:01:30]} Nxd4 $2 {[%emt 0:07:30]} (7... Na5 $16 8. Qa4+ Bd7) 8. Qa4+ {[%emt 0:00:30] Double Attack [#]} b5 $146 {[%emt 0:00:30]} ({Predecessor:} 8... Qd7 9. Qxd4 a6 10. Nf3 Rd8 11. Bc4 e6 12. Bg5 Be7 13. Rd1 Qc7 14. O-O O-O 15. Bf4 Bd6 16. Bxd6 Rxd6 17. Bb3 Rfd8 18. Qe5 Ng4 19. Qg3 {1-0 (19) Matras Clement,A (2234)-Pretell Diaz,C (1824) Ottawa 2016}) 9. Qxd4 {[%emt 0:00:30]} a6 {[%emt 0:07:30]} 10. Bg5 {[%emt 0:02:30]} Rc8 {[%emt 0:05:30]} 11. Bd3 {[%emt 0:02:30]} Bxd3 {[%emt 0:05:30]} 12. Qxd3 {[%emt 0:00:30]} Nd7 {[%emt 0:07:30]} 13. Nf3 {[%emt 0:03:30]} Nc5 {[%emt 0:04:30]} 14. Qd4 {[%emt 0:02:30]} f6 {[%emt 0:03:30]} 15. Be3 {[%emt 0:01:30]} e5 {[%emt 0:01:30]} 16. dxe6 {[%emt 0:06:30]} Qxd4 {[%emt 0:00:30]} 17. Nxd4 {[%emt 0:01:30]} Nd3+ {[%emt 0:00:00]} 18. Ke2 {[%emt 0:00:30]} Nxb2 {[%emt 0:00:00]} 19. Ne4 {[%emt 0:01:30]} Be7 {[%emt 0:03:30]} (19... Ba3 $142 20. Nf5 O-O) 20. Rac1 {[%emt 0:00:30]} Nc4 {[%emt 0:13:30]} 21. Nf5 {[%emt 0:00:30]} Ba3 {[%emt 0:02:30]} 22. Rxc4 $18 {[%emt 0:01:30]} 1-0

[Event "29th CRO-chT Junior 2020"]
[Site "Cakovec"]
[Date "2020.07.18"]
[Round "9.15"]
[White "Vuk, Sebastijan"]
[Black "Sagovac, Kristijan"]
[Result "0-1"]
[WhiteElo "1382"]
[BlackElo "1839"]
[Annotator "NA RC"]
[PlyCount "52"]
[EventDate "2020.07.14"]
[EventType "team-tourn"]
[EventCountry "CRO"]
[SourceTitle "playchess.com"]
[Source "ChessBase"]
[SourceQuality "1"]
[TimeControl "5400+30"]

1. e4 {[%emt 0:00:30]} c5 {[%emt 0:00:30]} 2. Nf3 {[%emt 0:00:00]} Nc6 {[%emt 0:00:00]} 3. Bb5 {[%emt 0:00:00]} g6 {[%emt 0:00:00]} 4. O-O {[%emt 0:00:30]} Bg7 {[%emt 0:00:00]} 5. Bxc6 {[%emt 0:00:30]} dxc6 {[%emt 0:00:00]} 6. Nc3 {[%emt 0:01:30]} Nf6 {[%emt 0:01:30]} 7. d3 {[%emt 0:01:30]} O-O {[%emt 0:00:30]} 8. Be3 {[%emt 0:01:30]} b6 {[%emt 0:00:30]} 9. Nd2 {[%emt 0:02:30]} e5 {[%emt 0:00:30]} 10. f4 {[%emt 0:03:30]} (10. Bg5 $11 {keeps the balance.}) 10... exf4 {[%emt 0:00:30]} 11. Bxf4 {[%emt 0:00:30]} Ng4 {[%emt 0:03:30]} 12. Qf3 {[%emt 0:12:30]} (12. Qe2 $15) 12... Bd4+ {[%emt 0:01:30]} 13. Kh1 {[%emt 0:00:30] [#]} g5 $1 {[%emt 0:04:30]} 14. Bg3 {[%emt 0:14:30]} Ne3 {[%emt 0:00:30]} 15. h3 {[%emt 0:15:30]} Nxf1 {[%emt 0:02:30]} 16. Rxf1 {[%emt 0:00:30] [#]} g4 $1 {[%emt 0:13:30]} 17. Qf4 {[%emt 0:08:30]} Kh8 {[%emt 0:12:30]} ({Black should play} 17... gxh3 $17 18. gxh3 Qd7) 18. Qh6 $19 {[%emt 0:04:30]} (18. e5 $15) 18... Bg7 {[%emt 0:11:30]} 19. Qxc6 {[%emt 0:10:47]} gxh3 {[%emt 0:00:30]} 20. Qxa8 {[%emt 0:01:26]} hxg2+ {[%emt 0:00:30]} 21. Kxg2 {[%emt 0:00:15]} Bh3+ {[%emt 0:00:30]} 22. Kxh3 {[%emt 0:00:26]} Qxa8 {[%emt 0:00:00]} 23. Bd6 {[%emt 0:03:24]} Rg8 {[%emt 0:04:00]} 24. Rxf7 {[%emt 0:00:44]} Qc6 {[%emt 0:02:30]} 25. Bf4 {[%emt 0:02:43]} Qg6 {[%emt 0:01:30]} 26. Rf5 {[%emt 0:03:31]} Bxc3 {[%emt 0:00:00]} 0-1

[Event "29th CRO-chT Junior 2020"]
[Site "Cakovec"]
[Date "2020.07.18"]
[Round "9.16"]
[White "Martic, Filip"]
[Black "Kristofic, Dino"]
[Result "1-0"]
[WhiteElo "1656"]
[BlackElo "1290"]
[Annotator "NA RC"]
[PlyCount "43"]
[EventDate "2020.07.14"]
[EventType "team-tourn"]
[EventCountry "CRO"]
[SourceTitle "playchess.com"]
[Source "ChessBase"]
[SourceQuality "1"]
[TimeControl "5400+30"]

1. d4 {[%emt 0:00:30]} Nf6 {[%emt 0:00:30]} 2. Nf3 {[%emt 0:00:00]} d5 {[%emt 0:00:30]} 3. c4 {[%emt 0:00:00]} dxc4 {[%emt 0:00:30]} 4. Nc3 {[%emt 0:00:30]} g6 {[%emt 0:02:30]} 5. Bf4 {[%emt 0:03:30]} Bg7 {[%emt 0:01:30]} 6. e3 {[%emt 0:00:00]} O-O {[%emt 0:04:30]} 7. Bxc4 {[%emt 0:01:00]} Bf5 {[%emt 0:03:30]} 8. Qb3 {[%emt 0:05:30]} b6 {[%emt 0:04:30]} 9. Ne5 {[%emt 0:00:30]} Qe8 {[%emt 0:08:30]} 10. O-O {[%emt 0:06:30]} c6 {[%emt 0:07:30]} 11. a4 {[%emt 0:03:30]} Bd7 {[%emt 0:08:30]} 12. h3 {[%emt 0:08:30]} e6 {[%emt 0:02:30]} 13. Rad1 {[%emt 0:02:30]} Qe7 {[%emt 0:06:30]} 14. Rfe1 {[%emt 0:01:30]} Rd8 {[%emt 0:10:30]} 15. e4 {[%emt 0:01:30]} Be8 {[%emt 0:08:30]} 16. d5 {[%emt 0:00:30]} exd5 {[%emt 0:01:30]} 17. exd5 {[%emt 0:00:30]} cxd5 {[%emt 0:01:30]} 18. Nxd5 {[%emt 0:00:30]} Qc5 {[%emt 0:01:30]} 19. Nxf6+ {[%emt 0:00:30]} Bxf6 {[%emt 0:00:30]} 20. Rxd8 {[%emt 0:00:30]} Bxd8 {[%emt 0:00:30]} 21. Bxf7+ {[%emt 0:00:30]} Bxf7 {[%emt 0:01:30]} 22. Qxf7+ {[%emt 0:00:30]} 1-0

[Event "29th CRO-chT Junior 2020"]
[Site "Cakovec"]
[Date "2020.07.18"]
[Round "9.17"]
[White "Haidinger, Erik"]
[Black "Sos, Fran"]
[Result "1-0"]
[WhiteElo "1767"]
[BlackElo "2024"]
[Annotator "TA"]
[PlyCount "113"]
[EventDate "2020.07.14"]
[EventType "team-tourn"]
[EventCountry "CRO"]
[SourceTitle "playchess.com"]
[Source "ChessBase"]
[SourceQuality "1"]

{[%evp 9,113,16,21,11,41,36,53,53,60,57,76,26,39,38,28,35,35,35,42,35,43,18,27,33,46,18,29,29,41,20,43,19,60,57,74,72,94,39,72,27,82,48,301,305,308,300,290,306,301,301,601,229,245,193,191,188,12831,566,566,561,559,537,535,525,545,495,842,847,779,685,1053,1195,327,1163,1562,1477,12822,5027,1569,1413,12830,10171,12835,6642,12838,12838,12848,12836,12841,12839,12842,12843,12843,12843,12844,12844,12845,12846,12846,12846,12847,12846,12846,12847,12847,12847]} 1. d4 Nf6 2. Bf4 c5 3. dxc5 Na6 4. f3 Nxc5 5. e4 d6 6. Nc3 {A45: Trompowsky Attack.} g6 7. Qd2 {[#]} Ne6 $146 ({Predecessor:} 7... Bd7 8. O-O-O Ne6 9. Bh6 Bxh6 10. Qxh6 Qa5 11. h4 Rc8 12. Nge2 b5 13. Kb1 Nc7 {½-½ (27) Burke,J (1966)-Manfay,M (2197) London 2019}) 8. Be3 {White is slightly better.} Bg7 9. O-O-O O-O 10. Bh6 Qa5 11. Kb1 Bxh6 12. Qxh6 Qg5 13. Qxg5 Nxg5 14. h4 Ne6 15. Nge2 Bd7 16. g4 Bc6 17. Nd5 Bxd5 $1 18. exd5 Nc7 19. Nf4 Nd7 20. Be2 Ne5 21. Ng2 a5 22. Ne3 a4 23. Rh3 (23. f4 $16 Nd7 24. a3) 23... Ra5 24. g5 Rc5 (24... f5 $11 {keeps the balance.}) 25. h5 {Threatens to win with f4.} a3 $2 {[%mdl 8192] [#] This move loses the game for Black.} (25... b5 $14) 26. f4 $18 (26. bxa3 gxh5 27. Rd4 (27. Rxh5 Ra8 $11) 27... Ng6 $11) 26... Nd7 27. Rdh1 (27. bxa3 Nb5 $16) 27... Nxd5 28. Nxd5 Rxd5 29. hxg6 (29. bxa3 Rd2 $14) (29. Rxa3 gxh5 30. Rah3 (30. Bxh5 Rd4 $14) (30. Rxh5 e5 $11) 30... Kg7 $14) 29... Rd2 $2 (29... Rd4 30. g7 (30. bxa3 fxg6 31. Rxh7 Rfxf4 $16) (30. gxh7+ Kh8 $18) 30... Kxg7) 30. Bb5 $2 (30. Bg4 f5 31. gxf6 Rxf6 32. gxh7+ Kh8 33. Bxd7) 30... Nc5 31. Rxh7 fxg6 32. Kc1 $36 {[%mdl 2048] White is in control.} ({Less strong is} 32. bxa3 Rd1+ 33. Rxd1 Kxh7 $14) ({Don't take} 32. Rxe7 $6 Rxf4 33. bxa3 Rf7 $16) (32. Rh8+ $6 Kf7 $14) 32... Rg2 $2 (32... Rd4) 33. b4 ({Not} 33. Rh8+ Kf7 $16) (33. Bc4+ $142 d5 34. Bxd5+ {[%mdl 64] Double Attack} e6 35. Bxg2 axb2+ 36. Kxb2 Na4+ 37. Ka3) 33... Rxf4 34. bxc5 Rxg5 35. cxd6 exd6 36. Rxb7 Rc5 37. Re1 Re5 (37... Rf7 $142) 38. Rxe5 dxe5 {[%mdl 4096] Endgame KRB-KR} 39. Re7 e4 40. Bc6 Rf1+ 41. Kd2 Rf2+ {White is clearly winning.} 42. Kc3 Rf6 43. Bd5+ (43. Bxe4 $142 Ra6 44. Kd4) 43... Kf8 44. Rxe4 Kg7 45. Kb4 g5 46. Kxa3 Ra6+ 47. Kb4 Kf6 48. a4 {[%cal Ba2a4,Ba4a5,Ba5a6,Ba6a7][%mdl 32]} Kf5 49. Re8 g4 50. Kb5 Rd6 51. c4 Kf4 52. a5 Rg6 53. a6 Rg7 54. Kb6 {[#] a7 would kill now.} Rg6+ 55. Bc6 {Threatening mate with a7.} g3 56. a7 g2 57. Re1 {Accuracy: White = 68%, Black = 46%.} 1-0

[Event "29th CRO-chT Junior 2020"]
[Site "Cakovec"]
[Date "2020.07.18"]
[Round "9.18"]
[White "Kanizaj, Benjamin"]
[Black "Sundac, Ivano"]
[Result "1-0"]
[WhiteElo "1968"]
[BlackElo "1408"]
[Annotator "TA"]
[PlyCount "55"]
[EventDate "2020.07.14"]
[EventType "team-tourn"]
[EventCountry "CRO"]
[SourceTitle "playchess.com"]
[Source "ChessBase"]
[SourceQuality "1"]

{[%evp 21,55,25,73,47,54,5,14,0,6,7,70,66,56,44,89,91,93,81,90,78,93,87,131,131,143,141,174,152,155,99,101,93,171,147,29990,29991]} 1. e4 c5 2. Nf3 d6 3. d4 cxd4 4. Nxd4 Nf6 5. Nc3 g6 6. Be3 Bg7 7. f3 O-O 8. Bc4 Nc6 9. Qd2 Bd7 10. O-O-O Rc8 11. Bb3 a6 {11...Nxd4 is becoming the main line.} 12. Kb1 {B78: Sicilian Dragon: Yugoslav Attack, 9 Bc4 Bd7 10 0-0-0 Rc8.} b5 13. Nd5 (13. Nxc6 {seems wilder.} Bxc6 14. h4 a5 15. a3 h5 16. Ne2) 13... Nxd5 14. Bxd5 {[#] The position is equal.} Nxd4 $146 ({Predecessor:} 14... Qc7 15. Bxc6 Bxc6 16. h4 Rfd8 17. h5 d5 18. hxg6 hxg6 19. Bh6 Bf6 20. Bg5 Qe5 21. Bxf6 Qxf6 {1-0 (47) Terwey,M (2063)-Bartel,M (2158) Dortmund 2007}) 15. Bxd4 Bc6 (15... Bxd4 $11 16. Qxd4 Be6) 16. Bxg7 $14 Kxg7 17. h4 Bxd5 18. exd5 h6 19. h5 $36 {[%mdl 2048] [#] Black must now prevent hxg6. Keeping Black busy.} g5 20. f4 f6 21. Rde1 Rc4 22. g3 Qd7 23. Re6 Qe8 24. fxg5 hxg5 25. Qe2 (25. Rhe1 $142 Qxh5 26. Rxe7+ Rf7 27. b3) 25... Rc7 $16 26. Re1 Kf7 (26... Qf7 $16 {is a better defense.}) 27. h6 {Rxd6 is the strong threat.} Kg6 $2 {[%mdl 8192] [#]} (27... Kg8 $16 28. b3 (28. Rxe7 Rxe7 29. Qxe7 Qxe7 $16) 28... b4) 28. Qe4+ {Accuracy: White = 80%, Black = 51%.} ({Weaker is} 28. Rh1 Kh7 $16) 1-0

[Event "29th CRO-chT Junior 2020"]
[Site "Cakovec"]
[Date "2020.07.18"]
[Round "9.19"]
[White "Tomljanovic, Ivano"]
[Black "Borzan, Andrej"]
[Result "0-1"]
[WhiteElo "1393"]
[BlackElo "1983"]
[Annotator "TA"]
[PlyCount "64"]
[EventDate "2020.07.14"]
[EventType "team-tourn"]
[EventCountry "CRO"]
[SourceTitle "playchess.com"]
[Source "ChessBase"]
[SourceQuality "1"]

{[%evp 9,64,28,31,36,36,35,42,22,41,44,27,28,75,28,22,12,31,-154,-167,-172,-168,-145,-99,-151,-69,-256,-248,-651,-642,-1131,-1120,-1584,-888,-875,-874,-864,-860,-860,-856,-888,-63,-899,-867,-1352,-1333,-1116,-1075,-1539,-1547,-1431,-1362,-1357,-1189,-5787,-5306,-1285,-1138]} 1. e4 d6 2. d4 Nf6 3. Bd3 g6 4. c4 Bg7 5. Ne2 O-O 6. O-O {B07: Pirc Defence: Miscellaneous Systems.} e5 7. d5 a5 8. a3 {White is slightly better.} Nbd7 9. Nbc3 Nc5 10. Bc2 Nh5 {[#]} 11. Ng3 $146 ({Predecessor:} 11. Be3 f5 12. exf5 gxf5 13. Ng3 Nxg3 14. fxg3 e4 15. Bd4 Qe7 16. Ne2 Nd7 17. Rc1 Ne5 {0-1 (55) Michalik,P (2557)-Polgar,J (2685) Dubai 2014}) 11... Nxg3 12. hxg3 f5 13. f4 $2 (13. exf5 $14 {stays ahead.} Bxf5 14. Be3) 13... fxe4 $17 14. Nxe4 Nxe4 15. Bxe4 Qe7 16. Re1 {[#]} (16. Qd3 $142) 16... Re8 (16... exf4 $1 $17 17. Bxf4 Bxb2) 17. Qe2 $2 (17. Rb1 $15) 17... exf4 $19 18. gxf4 $2 (18. Bxf4 Bf5 19. Bf3 Qxe2 20. Bxe2) 18... Bd4+ 19. Kf1 Qh4 {[%cal Rh4h1]} 20. Qc2 Bg4 {[%cal Rh4h1]} 21. Be3 Bxe3 22. Rxe3 Qh1+ 23. Kf2 Qxa1 24. Re1 {[#]} Qxe1+ $1 25. Kxe1 Bf5 $1 {Black is clearly winning.} 26. Qb3 Rxe4+ {[%mdl 64] Double Attack} 27. Kf2 Rxf4+ 28. Ke3 Re4+ 29. Kf3 Rf8 30. Qc3 b6 31. b4 axb4 32. axb4 {[#]} Rxc4 $1 {Accuracy: White = 35%, Black = 70%.} 0-1

[Event "29th CRO-chT Junior 2020"]
[Site "Cakovec"]
[Date "2020.07.18"]
[Round "9.20"]
[White "Colev, Ivor"]
[Black "Kresic, Vid"]
[Result "1-0"]
[WhiteElo "1893"]
[BlackElo "1216"]
[Annotator "NA RC"]
[PlyCount "75"]
[EventDate "2020.07.14"]
[EventType "team-tourn"]
[EventCountry "CRO"]
[SourceTitle "playchess.com"]
[Source "ChessBase"]
[SourceQuality "1"]
[TimeControl "5400+30"]

1. e4 {[%emt 0:00:30]} e5 {[%emt 0:00:30]} 2. Nf3 {[%emt 0:00:00]} Nc6 {[%emt 0:00:00]} 3. Bb5 {[%emt 0:00:00]} Bc5 {[%emt 0:00:00]} 4. c3 {[%emt 0:00:00]} a6 {[%emt 0:03:30]} 5. Ba4 {[%emt 0:00:00]} Nge7 {[%emt 0:00:30]} 6. d4 {[%emt 0:01:30] C70: Ruy Lopez: 3...a6 4 Ba4, Norwegian and Delayed Schliemann.} exd4 {[%emt 0:00:30]} 7. cxd4 {[%emt 0:00:00]} Ba7 {[%emt 0:00:30]} 8. d5 {[%emt 0:02:00] [#]} Na5 $146 {[%emt 0:03:30]} ({Predecessor:} 8... Nb8 9. d6 Ng6 10. Bb3 cxd6 11. O-O O-O 12. Ng5 h6 13. Qh5 Ne5 14. Nh3 Nbc6 15. Bg5 Qa5 16. Nc3 Nd4 17. Nd5 Ne6 18. Be7 Re8 19. Bxd6 Ng6 20. Nf6+ {1-0 (20) Sant'Ana,R (2114)-Andrade,L (2077) Rio de Janeiro 1999}) 9. Bd2 {[%emt 0:06:30]} Nc4 {[%emt 0:02:30]} 10. Bc3 {[%emt 0:00:30]} b5 {[%emt 0:00:30]} 11. Bc2 {[%emt 0:00:30]} Bb7 {[%emt 0:01:30]} (11... d6 $142) 12. b3 {[%emt 0:01:30]} Nb6 {[%emt 0:00:30]} (12... Nd6 $16) 13. O-O {[%emt 0:00:30]} ({White should play} 13. Bxg7 $18 Rg8 14. Bb2) 13... O-O {[%emt 0:00:30]} 14. Qd4 {[%emt 0:02:30]} (14. a4 $16) 14... f6 {[%emt 0:00:30]} 15. Qd3 {[%emt 0:00:30]} Ng6 {[%emt 0:00:30]} (15... f5 $5) 16. h4 {[%emt 0:09:30]} d6 {[%emt 0:01:30]} 17. Qd1 {[%emt 0:07:30]} Ne5 {[%emt 0:00:30]} 18. Nbd2 {[%emt 0:00:00]} Nbd7 {[%emt 0:01:30]} 19. Bd4 {[%emt 0:02:00]} Qe7 {[%emt 0:01:30]} 20. Bxa7 {[%emt 0:00:30]} Rxa7 {[%emt 0:00:30]} 21. Nd4 {[%emt 0:00:30]} Nc5 {[%emt 0:00:30]} 22. b4 {[%emt 0:02:30]} Ncd7 {[%emt 0:01:30]} 23. Ne6 {[%emt 0:02:30]} Rc8 {[%emt 0:00:30]} 24. Nb3 {[%emt 0:00:30]} c5 {[%emt 0:00:30]} 25. f4 {[%emt 0:07:30]} c4 {[%emt 0:03:30]} 26. Nbd4 {[%emt 0:00:30]} Ng6 {[%emt 0:00:30]} 27. Nf5 {[%emt 0:00:30]} Qf7 {[%emt 0:01:30]} 28. Nxd6 {[%emt 0:02:30]} Qe7 {[%emt 0:00:30]} 29. Nf5 {[%emt 0:00:30]} Qxb4 {[%emt 0:01:30]} 30. h5 {[%emt 0:00:00]} Ngf8 {[%emt 0:00:30] [#]} 31. Qg4 $1 {[%emt 0:02:00]} g6 {[%emt 0:00:30]} 32. hxg6 {[%emt 0:05:30]} hxg6 {[%emt 0:01:30]} 33. Nh4 {[%emt 0:02:30]} Kf7 {[%emt 0:01:30]} 34. e5 {[%emt 0:05:30]} (34. Rad1 $142) 34... f5 $18 {[%emt 0:00:30] [#]} (34... Bxd5 35. Nxf8 (35. Bxg6+ Nxg6 36. Rad1 Bxe6 $14) 35... Rxf8) 35. Bxf5 $1 {[%emt 0:03:30]} gxf5 {[%emt 0:00:30]} 36. Qxf5+ {[%emt 0:00:30]} (36. Qg7+ $142 Ke8 37. d6 Qc5+ 38. Nxc5 Ng6 39. Nxg6 Nxc5 40. Qe7#) 36... Ke8 {[%emt 0:00:30]} 37. Qh5+ {[%emt 0:00:30]} Ke7 {[%emt 0:00:30]} 38. Nf5# {[%emt 0:00:30]} 1-0

[Event "29th CRO-chT Junior 2020"]
[Site "Cakovec"]
[Date "2020.07.18"]
[Round "10.1"]
[White "Alfirevic, Duje"]
[Black "Haidinger, Erik"]
[Result "1-0"]
[WhiteElo "2011"]
[BlackElo "1767"]
[Annotator "TA"]
[PlyCount "85"]
[EventDate "2020.07.14"]
[EventType "team-tourn"]
[EventCountry "CRO"]
[SourceTitle "playchess.com"]
[Source "ChessBase"]
[SourceQuality "1"]

{[%evp 23,85,25,24,-69,72,70,126,137,143,130,112,64,91,43,132,122,213,82,73,14,68,84,81,80,76,90,81,83,110,119,276,287,285,283,281,266,341,341,346,347,311,303,384,379,363,341,372,372,362,360,359,325,404,393,400,377,564,531,556,529,913,529,1641,1629]} 1. e4 c5 2. Nf3 d6 3. d4 cxd4 4. Nxd4 Nf6 5. Nc3 g6 6. Be3 Bg7 7. f3 O-O 8. Qd2 Nc6 9. Bc4 Bd7 10. O-O-O Rc8 11. Bb3 Ne5 {11...Nxd4 might become the main line.} 12. h4 h5 13. g4 {B78: Sicilian Dragon: Yugoslav Attack, 9 Bc4 Bd7 10 0-0-0 Rc8.} (13. Rhe1 $11) 13... b5 (13... hxg4 $15 {stays ahead.} 14. fxg4 Bxg4) 14. Bh6 $16 Nc4 (14... b4 $14 15. Nce2 a5) 15. Bxc4 $1 {White is better.} Rxc4 16. Bxg7 (16. Ndxb5 Bxh6 17. Qxh6 Bxb5 $11) (16. Ncxb5 $6 Rc5 $11) 16... Kxg7 17. gxh5 (17. Ncxb5 $6 Rc5 $11) (17. Ndxb5 Qa5 $11) 17... Nxh5 18. Rhg1 {[#]} Rc5 $146 (18... b4 $1 $14 19. Nd5 {[%mdl 64] Discovered Attack} e5) ({Predecessor:} 18... b4 19. Nd5 a5 20. Ne3 Rc7 21. Nef5+ Kh7 22. Qh6+ {1-0 (22) Abbasifar,H (2440)-Behroozimoghaddam,H Kerman 2012}) 19. f4 f5 (19... e6 $16) 20. Nxf5+ (20. exf5 $18 {is more deadly.} Bxf5 21. Ncxb5 (21. Ndxb5 Qe8 $16)) 20... Bxf5 21. Qd4+ ({White should play} 21. exf5 $16 Rfxf5 22. b4) 21... Kh7 {[#]} ({Black should try} 21... Kh6 $1 $11) 22. Qxc5 $1 $14 {[%mdl 512]} dxc5 23. Rxd8 Rxd8 24. exf5 gxf5 {[%mdl 4096] Endgame KRN-KRN} 25. Rg5 ({But not} 25. Nxb5 $6 Nxf4 26. Re1 Rd7 $15) 25... Nxf4 {Hoping for ...b4.} 26. Rxf5 {[%mdl 64] [#] Double Attack} Ng6 $2 {Loses the game.} (26... Rd4 $16 {was necessary.}) 27. Nxb5 $18 a6 28. Nc3 ({Not} 28. Rxc5 axb5 29. Rxb5 Kg7 $11) 28... Rc8 29. h5 Nh8 30. Re5 Kh6 31. Rxe7 Kxh5 32. Re6 Kg5 33. Rxa6 Kf5 34. Ra5 Ke6 35. b3 Nf7 36. Kb2 Nd6 37. Ra6 Ke5 38. a4 Rb8 39. Rc6 c4 (39... Rc8 $142) 40. Rc5+ {White is clearly winning.} Ke6 41. Nb5 Nxb5 42. Rxb5 Rc8 43. b4 {Accuracy: White = 67%, Black = 26%.} 1-0